000 01577cam a22004097i 4500
001 19279835
003 JO-AjAnu
005 20241015133832.0
008 160920s2016 onca 001 0 eng d
010 _a 2016439499
016 _a20169020223
020 _a9781770857520
_q(paperback)
020 _a1770857524
_q(paperback)
035 _a(OCoLC)ocn945359081
040 _aNLC
_beng
_cNLC
_erda
_dBTCTA
_dYDXCP
_dBDX
_dOCLCO
_dOCLCF
_dOCLCQ
_dORX
_dLTSCA
_dOCL
_dDLC
_dJO-AjAnu
042 _alccopycat
050 0 0 _aNK1548
_b.O87 2016
055 0 _aNK1548
_bO87 2016
082 0 4 _a701/.85
_223
100 1 _aOtt, Jennifer
_q(Jennifer Ann),
_eauthor.
245 1 0 _a1000 ideas for color schemes :
_bthe ultimate guide to making colors work /
_cJennifer Ott.
246 3 _aOne thousand ideas for color schemes
264 1 _aRichmond Hill, Ontario :
_bFirefly Books,
_c2016.
300 _a288 pages :
_bcolor illustrations ;
_c24 cm
336 _atext
_btxt
_2rdacontent
337 _aunmediated
_bn
_2rdamedia
338 _avolume
_bnc
_2rdacarrier
500 _aIncludes index.
650 0 _aColor in design.
650 0 _aColor decoration and ornament.
650 0 _aColor guides.
856 4 2 _3Contributor biographical information
_uhttps://www.loc.gov/catdir/enhancements/fy1620/2016439499-b.html
856 4 2 _3Publisher description
_uhttps://www.loc.gov/catdir/enhancements/fy1620/2016439499-d.html
906 _a7
_bcbc
_ccopycat
_d2
_encip
_f20
_gy-gencatlg
942 _2lcc
_cBK
_n0
999 _c33707
_d33707